Statistiken für Österreich-Quiz

Klicken Sie hier um das Quiz zu spielen!

Allgemein

  • Dieses Quiz wurde 1,872 mal gespielt
  • Das Durchschnittsergebnis liegt bei 17 aus 22

Antwortstatistiken

Hinweis Antwort % Korrekt
Größte StädteWien
100%
AmtsspracheDeutsch
98%
Seine HeimatstadtSalzburg
97%
Komponist der ZauberflöteWolfgang Amadeus
Mozart
96%
Längster FlussDonau
93%
Gesellschaftstanz im
Dreivierteltakt
Walzer
90%
Gebratenes Kalbfleischschnitzel,
benannt nach einer Stadt
Wiener Schnitzel
89%
Berühmter BodybuilderArnold Schwarzenegger
89%
NationalsportSkifahren
85%
Narbiger F1-Gewinner,
bekannt aus dem Film Rush
Niki Lauda
82%
Frühere WährungSchilling
80%
Größte StädteGraz
78%
Berühmter PsychoanalystSigmund Freud
78%
Gastgeberstadt der Olympischen SpieleInnsbruck
78%
Dynastie, die am längsten regierteHabsburg
76%
Größte StädteLinz
74%
Süße Teigrolle, oft mit Apfel gefülltStrudel
67%
NationalblumeEdelweiß
61%
Höchster BergGroßglockner
61%
Kaiser Österreichs, 1848-1916Franz Joseph
56%
Bekanntes Skidorf,
Hahnenkammrennen
Kitzbühel
50%
Franz Ferdinands TitelErzherzog
34%

Verteilung der Resultate

Perzentil nach korrekt beantworteten Fragen

Anzahl Personen mit jedem Resultat

Ihre Resultats-Entwicklung

Sie haben dieses Quiz noch nicht gespielt